Biopharmaceutics and clinical pharmacokinetics: An introduction (Record no. 8628)

MARC details
000 -LEADER
fixed length control field 00501nam a22001577a 4500
003 - CONTROL NUMBER IDENTIFIER
control field OSt
008 - FIXED-LENGTH DATA ELEMENTS--GENERAL INFORMATION
fixed length control field 200320b ||||| |||| 00| 0 eng d
020 ## - INTERNATIONAL STANDARD BOOK NUMBER
International Standard Book Number 9780824769284
100 ## - MAIN ENTRY--PERSONAL NAME
Personal name Notari, Robert E.
245 ## - TITLE STATEMENT
Title Biopharmaceutics and clinical pharmacokinetics: An introduction
250 ## - EDITION STATEMENT
Edition statement 4th (2019)
260 ## - PUBLICATION, DISTRIBUTION, ETC. (IMPRINT)
Place of publication, distribution, etc New Delhi
Name of publisher, distributor, etc CRC Press/M. Dekker
300 ## - PHYSICAL DESCRIPTION
Extent Hardcover: 388 pages,
650 ## - SUBJECT ADDED ENTRY--TOPICAL TERM
Topical term or geographic name as entry element Pharmaceutics- Drug Delivery Systems,Pharmaceutical Engineering regulraty Science
942 ## - ADDED ENTRY ELEMENTS (KOHA)
Source of classification or shelving scheme Dewey Decimal Classification
Koha item type Text Books
Holdings
Withdrawn status Lost status Source of classification or shelving scheme Damaged status Not for loan Collection code Home library Current library Date acquired Source of acquisition Currency Cost, normal purchase price Bill Number Total Checkouts Full call number Acc. no. / Barcode Date last seen Actual Cost, discounted price Bill Date Koha item type
    Dewey Decimal Classification     B.Pharma PIET C-LIBRARY PIET C-LIBRARY 08/01/2020 Kirti Prakashan IN Rupees 1995.00 IN5984   615.7 NOB BP480 20/03/2020 1496.25 08/01/2020 Text Books
    Dewey Decimal Classification     B.Pharma PIET C-LIBRARY PIET C-LIBRARY 08/01/2020 Kirti Prakashan IN Rupees 1995.00 IN5984   615.7 NOB BP481 20/03/2020 1496.25 08/01/2020 Reference Books

Design & Developed by: PIET Central Library
R70 Miles Stone Pattikalyana Samalkha Panipat 132102
mail ID :- [email protected], Phone No:- 0180-2569700 Ex.216